01057cam a2200277 a 450000100100000000500170001000800410002701000130006804000230008108200150010410000290011924501210014826000360026930000210030550400320032653400840035865000300044270000280047270000250050070000210052570000290054670000370057591000340061295201180064699900150076400000279820200929150245.0711013s1966 nyu b 001 0 eng  a66014168 aDO-SdBNPcDLCdDLC a809bG932i1 aGuerin, Wilfred L.9883612aIntroducción a la crítica literaria /cWilfred L. Guerin ...[et al] ; traducción de Daniela Di Segni de Sagel. aBuenos Aires :bMarymar,c1966. a263 p. ;c21 cm. aBibliografía: p. 200-202. aTítulo original en inglés: A handbook of critical approaches to literature. 4aCrítica literaria931411 aWilfred L. Guerin988371 aEarle G. Labor988381 aLee Morgan988391 aJohn R. Willingham988401 aDi Segni de Sagel, Daniela98841 aCatalogación por copia / LC 001052708MOaGRbGRcCTd2009-07-03iLF1l0o809 G932ip2798-10r2020-06-25w2020-06-25y2ZPréstamo interno c2632d2632